000 00445nam a2200205Ia 4500
001 13257
003 GE_BSU
008 181216s||||||||xx |||||||||||||| ||und||
020 _a9780755336739
040 _cGE_BSU
080 _a821.111-32
100 _aMansell,Jill.
245 _aThinking of you.
260 _aLondon.
260 _bHeadline review.
260 _c2007
300 _a440p;20cm.
653 _aThinking of you.
942 _cBK
999 _c46421
_d46421